Vlastné náklady a ceny : semináre pre ostatné špecializácie FNH /
Uložené v:
| Hlavný autor: | |
|---|---|
| Médium: | Kniha |
| Jazyk: | Slovak |
| Vydané: |
Bratislava :
Vysoká škola ekonomická,
1981.
|
| Vydanie: | 2. vyd. |
| ISBN: |
(brož.) |
| Fyzický popis: |
222 s. |
| Tagy: |
Pridať tag
Žiadne tagy, Buďte prvý kto otaguje tento záznam!
|
Titul je dostupný aj v ... 

MARC
| LEADER | 00000nam a22000001 4500 | ||
|---|---|---|---|
| 001 | 000171875 | ||
| 005 | 20250926131250.0 | ||
| 008 | 001026s1981 xo slo d | ||
| 020 | |a (brož.) |c Kčs 15,00 | ||
| 040 | |a SVKKK |b slo |c SVKKK |e AACR2 | ||
| 041 | 0 | |a slo | |
| 044 | |a xo |c SK | ||
| 245 | 0 | 0 | |a Vlastné náklady a ceny : |b semináre pre ostatné špecializácie FNH / |c Michal Janok ... [et al.]. |
| 250 | |a 2. vyd. | ||
| 260 | |a Bratislava : |b Vysoká škola ekonomická, |c 1981. | ||
| 300 | |a 222 s. | ||
| 500 | |a Fak. národohospod. VŠE | ||
| 504 | |a Bibliogr. na s. 220-222 | ||
| 500 | |a Vysokoškolské skriptá | ||
| 700 | 1 | |a Janok, Michal, |d 1943- |4 aut | |
| 910 | |a svkkk | ||
| 998 | |a BK | ||
| 090 | |g SCKHL |k Sklad Pribinova 3. posch. |a V.127411 |j 646175 |i B202698 |s Vyradená | ||
| 090 | |g SCKHL |k Sklad Pribinova 3. posch. |a V.127412 |j 646176 |i 2720215996 |s Absenčne | ||